[Event "London Classic - FIDE Open"]
[Site "Olympia"]
[Date "2009.12.12"]
[Round "6"]
[White "Britton, Richard L"]
[Black "Gavriel, Tryfon C"]
[Result "0-1"]
[WhiteElo "2254"]
[BlackElo "2153"]
[PlyCount "78"]
[EventDate "2009.??.??"]

1. c4 f5 2. Nc3 Nf6 3. g3 g6 4. Bg2 Bg7 5. e3 Nc6 6. Nge2 e5 7. d3 O-O 8. Rb1
Ne7 9. b3 d5 10. Ba3 d4 11. exd4 exd4 12. Na4 Nh5 13. f4 Re8 14. O-O Kh8 15. h3
Rb8 16. Kh2 Ng8 17. Ng1 Ngf6 18. Nf3 Nxg3 19. Kxg3 Nh5+ 20. Kh2 Nxf4 21. Bc1
Nxg2 22. Kxg2 b5 23. Nc5 Qd6 24. b4 h6 25. Re1 Rf8 26. h4 f4 27. Qe2 bxc4 28.
dxc4 Bf5 29. Rb3 Rbe8 30. Qf1 Re3 31. Rb2 Bg4 32. Rf2 Qf6 33. Qh1 Qf5 34. Bd2
a5 35. a3 Bf6 36. Ng5 Rg3+ 37. Kf1 hxg5 38. hxg5+ Bh3+ 39. Ke2 Qg4+ 0-1

[Event "London Classic - FIDE Open"]
[Site "Olympia"]
[Date "2009.12.12"]
[Round "6"]
[White "Sinanan, Joshua C"]
[Black "Krawczyk, Andrzej"]
[Result "1-0"]
[WhiteElo "2249"]
[BlackElo "2152"]
[PlyCount "89"]
[EventDate "2009.??.??"]

1. d4 Nf6 2. c4 c5 3. d5 b5 4. cxb5 a6 5. bxa6 Bxa6 6. Nc3 g6 7. g3 d6 8. Bg2
Bg7 9. Nf3 Nbd7 10. Rb1 Ng4 11. Qc2 O-O 12. O-O Qa5 13. Bg5 Rfe8 14. Rfd1 Nb6
15. h3 Ne5 16. Nxe5 Bxe5 17. e4 Nc4 18. Rbc1 Reb8 19. b3 Na3 20. Qd2 Ra7 21.
Qe3 Bb5 22. f4 Bd4 23. Rxd4 cxd4 24. Qxd4 f6 25. Bh6 Bd7 26. e5 Qb6 27. Ne2
Qxd4+ 28. Nxd4 Rc8 29. Nc6 Bxc6 30. dxc6 Ra5 31. b4 Ra4 32. Bd5+ Kh8 33. exf6
exf6 34. Re1 Ra7 35. f5 gxf5 36. Re6 Nb5 37. a4 Nc3 38. Rxd6 Rxa4 39. Be6 Rca8
40. c7 Ra1+ 41. Kg2 R8a2+ 42. Bxa2 Rxa2+ 43. Rd2 Ra8 44. Rd8+ Rxd8 45. cxd8=R#
1-0

[Event "London Classic - FIDE Open"]
[Site "Olympia"]
[Date "2009.12.12"]
[Round "6"]
[White "Lyell, Mark"]
[Black "Seymour, Timothy P"]
[Result "1-0"]
[WhiteElo "2245"]
[BlackElo "2041"]
[PlyCount "87"]
[EventDate "2009.??.??"]

1. e4 e6 2. d4 d5 3. e5 c5 4. c3 Qb6 5. Nf3 Nc6 6. a3 Nh6 7. b4 cxd4 8. cxd4
Nf5 9. Bb2 Bd7 10. g4 Nh6 11. Rg1 f6 12. exf6 gxf6 13. Nc3 Nf7 14. g5 Rg8 15.
gxf6 Rxg1 16. Nxg1 Qxd4 17. Qxd4 Nxd4 18. Bd3 Bd6 19. Nce2 Nxe2 20. Kxe2 Be5
21. Bxe5 Nxe5 22. Rc1 Rc8 23. Rxc8+ Bxc8 24. Bxh7 Kf7 25. Bd3 Kxf6 26. f4 Nc4
27. Bxc4 dxc4 28. Nf3 b5 29. Ke3 Bb7 30. Nd4 a6 31. Ne2 e5 32. Nc3 e4 33. Ne2
Kf5 34. h3 Kf6 35. Ng3 Bc6 36. Kd4 Bb7 37. h4 Kg6 38. Ke5 c3 39. Kd4 c2 40. Ne2
Kf5 41. h5 Bc6 42. Ke3 Kf6 43. Kd2 Be8 44. Ng3 1-0

[Event "London Classic - FIDE Open"]
[Site "Olympia"]
[Date "2009.12.12"]
[Round "6"]
[White "Tozer, Philip"]
[Black "Roberson, Peter T"]
[Result "0-1"]
[WhiteElo "2106"]
[BlackElo "2236"]
[PlyCount "72"]
[EventDate "2009.??.??"]

1. c4 b6 2. Nc3 Bb7 3. Nf3 e6 4. g3 Bxf3 5. exf3 c5 6. Bg2 Nc6 7. Ne2 Nge7 8.
O-O Nf5 9. b3 Be7 10. Bb2 Bf6 11. Qc1 Rc8 12. f4 O-O 13. Bxf6 Qxf6 14. Bxc6
Rxc6 15. Qc3 Qxc3 16. Nxc3 Rd8 17. d3 d5 18. Rfd1 Rcd6 19. Kf1 a6 20. h4 Kf8
21. Rac1 Ke8 22. Ke1 Nd4 23. Kf1 Nc6 24. Ke1 Kd7 25. Ne2 Kc7 26. a3 Kb7 27. Rb1
Kc7 28. Rbc1 Na5 29. b4 Nb3 30. Rb1 dxc4 31. dxc4 Nd2 32. Rdc1 Nxb1 33. Rxb1
Rd3 34. Ra1 Rb3 35. bxc5 bxc5 36. f5 e5 0-1

[Event "London Classic - FIDE Open"]
[Site "Olympia"]
[Date "2009.12.12"]
[Round "6"]
[White "Anderton, Matthew N"]
[Black "Yekta, Alireza S"]
[Result "1-0"]
[WhiteElo "2232"]
[BlackElo "1762"]
[PlyCount "77"]
[EventDate "2009.??.??"]

1. e4 d5 2. exd5 Qxd5 3. Nc3 Qd8 4. d4 Nf6 5. Nf3 Bf5 6. Be2 e6 7. Nh4 Bg6 8.
Nxg6 hxg6 9. Bf3 c6 10. Bf4 Bd6 11. Qd2 Qc7 12. Nb5 cxb5 13. Bxd6 Qxd6 14. Bxb7
Nc6 15. Bxa8 O-O 16. Bxc6 Qxc6 17. O-O Rc8 18. c3 Qd5 19. Rfe1 Qh5 20. Re5 Qh4
21. Rxb5 Ne4 22. Qe2 Rc7 23. Re1 Nd6 24. Rb8+ Rc8 25. Rxc8+ Nxc8 26. d5 Qf6 27.
dxe6 fxe6 28. Qxe6+ Qxe6 29. Rxe6 Kf7 30. Rc6 Nb6 31. Rc7+ Kf6 32. Rxa7 Nc4 33.
b3 Nd2 34. Rb7 Ne4 35. a4 Nxc3 36. a5 Ke6 37. a6 Nd5 38. a7 Nc7 39. Rxc7 1-0

[Event "London Classic - FIDE Open"]
[Site "Olympia"]
[Date "2009.12.12"]
[Round "6"]
[White "Milnes, Anthony C P"]
[Black "Coleman, David J"]
[Result "1/2-1/2"]
[WhiteElo "2064"]
[BlackElo "2244"]
[PlyCount "45"]
[EventDate "2009.??.??"]

1. f4 d5 2. Nf3 Bg4 3. e3 Nd7 4. Be2 c6 5. O-O Bxf3 6. Bxf3 e5 7. d4 e4 8. Be2
f5 9. b3 Bd6 10. Ba3 Qe7 11. Bxd6 Qxd6 12. c4 Ne7 13. Nc3 Nf6 14. c5 Qc7 15. b4
h6 16. b5 g5 17. Rb1 Ng6 18. Bh5 Kf7 19. Bxg6+ Kxg6 20. Rb2 h5 21. Ne2 g4 22.
Qd2 Nd7 23. Rfb1 1/2-1/2

[Event "London Classic - FIDE Open"]
[Site "Olympia"]
[Date "2009.12.12"]
[Round "6"]
[White "Sara, Valerio"]
[Black "Chapman, Terry P D"]
[Result "0-1"]
[WhiteElo "2072"]
[BlackElo "2222"]
[PlyCount "70"]
[EventDate "2009.??.??"]

1. d4 Nf6 2. Nf3 c5 3. d5 b5 4. Bg5 d6 5. Bxf6 exf6 6. e4 a6 7. a4 b4 8. Bd3 g6
9. Nbd2 Bg7 10. Nc4 a5 11. O-O O-O 12. Nfd2 Bb7 13. Qg4 f5 14. exf5 Bxd5 15.
Be4 Bc6 16. Bxc6 Nxc6 17. Rad1 Nd4 18. Ne3 Ra7 19. Ne4 h5 20. Qh3 Re8 21. Nd2
Ne2+ 22. Kh1 Bxb2 23. fxg6 fxg6 24. Qf3 Nc3 25. Rde1 Nxa4 26. Nec4 Bc3 27.
Rxe8+ Qxe8 28. Nxd6 Qe6 29. N2e4 Bd4 30. Qd3 Nc3 31. Nxc3 Bxc3 32. Nb5 Rd7 33.
Qf3 Qc4 34. Kg1 Qxb5 35. Qe4 Qxf1+ 0-1

[Event "London Classic - FIDE Open"]
[Site "Olympia"]
[Date "2009.12.12"]
[Round "6"]
[White "Barrett, Stephen J"]
[Black "Cannon, Raymond C"]
[Result "1-0"]
[WhiteElo "2202"]
[BlackElo "2067"]
[PlyCount "80"]
[EventDate "2009.??.??"]

1. d4 d6 2. Nf3 Nf6 3. c4 Nbd7 4. Nc3 e5 5. Bg5 Be7 6. e4 O-O 7. Be2 c6 8. O-O
h6 9. Be3 Ng4 10. Bc1 Ngf6 11. h3 exd4 12. Nxd4 Nc5 13. Bf3 Nh7 14. Be2 Ng5 15.
Qc2 Bf6 16. Be3 Re8 17. f3 a5 18. Rab1 Be5 19. Bd1 Qf6 20. Nde2 Nxh3+ 21. gxh3
Bxh3 22. Rf2 Qg6+ 23. Kh1 Qh5 24. Nf4 Qh4 25. Nxh3 Qxh3+ 26. Kg1 Bg3 27. Rg2
Re5 28. Ne2 Bh2+ 29. Rxh2 Qxf3 30. Bf2 Rg5+ 31. Ng3 Rxg3+ 32. Bxg3 Qxg3+ 33.
Qg2 Qe3+ 34. Qf2 Qxe4 35. Bc2 Qxc4 36. b3 Qc3 37. Rf1 Rf8 38. Rg2 Ne6 39. Qf5
Qe3+ 40. Kh1 Rd8 {time} 1-0

[Event "London Classic - FIDE Open"]
[Site "Olympia"]
[Date "2009.12.12"]
[Round "6"]
[White "Rodriguez Fonseca, Jorge"]
[Black "Almond, Richard J"]
[Result "1-0"]
[WhiteElo "2032"]
[BlackElo "2174"]
[PlyCount "122"]
[EventDate "2009.??.??"]

1. e4 d5 2. exd5 Qxd5 3. Nc3 Qa5 4. d4 c6 5. Bc4 Bf5 6. Nge2 e6 7. O-O Ne7 8.
Ng3 Bg6 9. Bf4 Nd5 10. Bd2 Qb6 11. Qe2 Be7 12. Bb3 O-O 13. Rad1 Re8 14. Bc1 Nd7
15. Nce4 a5 16. c4 N5f6 17. Ng5 Qc7 18. f4 h6 19. Nf3 c5 20. Ne5 Bh7 21. d5 Bd6
22. Nxd7 Nxd7 23. dxe6 Rxe6 24. Qd2 a4 25. Bc2 Bxc2 26. Qxc2 Nf6 27. Qd3 Bf8
28. f5 Ree8 29. Bf4 Qc6 30. Rfe1 Rxe1+ 31. Rxe1 Re8 32. Re5 Rxe5 33. Bxe5 Ng4
34. Bf4 Qf6 35. h3 Ne5 36. Qe2 Nc6 37. Kh2 Nd4 38. Qe5 Qxe5 39. Bxe5 Nc6 40.
Bf4 Na5 41. b3 axb3 42. axb3 Nxb3 43. Nf1 Nd4 44. Ne3 Be7 45. Nd5 Bf8 46. f6
gxf6 47. Nxf6+ Kg7 48. Nd7 Be7 49. g4 Ne6 50. Be3 Bd6+ 51. Kg2 Kg6 52. h4 h5
53. g5 Kf5 54. Kh3 Ke4 55. Bc1 Be5 56. Ba3 Bd4 57. Kg3 Kd3 58. Nb6 Be5+ 59. Kf3
Bc7 60. Nd5 Kxc4 61. Nxc7 Nxc7 {time scramble: White won the f7 pawn, promoted
on g8 and gave mate on b2} 1-0

[Event "London Classic - FIDE Open"]
[Site "Olympia"]
[Date "2009.12.12"]
[Round "6"]
[White "Ivens, Birger"]
[Black "Friedland, Jon S"]
[Result "0-1"]
[WhiteElo "2052"]
[BlackElo "2162"]
[PlyCount "60"]
[EventDate "2009.??.??"]

1. e4 c5 2. Ne2 d6 3. g3 Nf6 4. Bg2 e6 5. d3 Be7 6. h3 Nc6 7. c3 d5 8. Qc2 O-O
9. O-O Qc7 10. Nd2 b5 11. f4 dxe4 12. dxe4 Bb7 13. g4 Rad8 14. Ng3 c4 15. g5
Nd7 16. Nf3 Nc5 17. Be3 Rd3 18. Qf2 Na4 19. Rfe1 Rfd8 20. Nf1 b4 21. cxb4 Bxb4
22. Re2 c3 23. b3 Nb2 24. Ne1 Nd1 25. Qg3 Nd4 26. Rf2 Nxf2 27. Qxf2 Rd2 28.
Nxd2 cxd2 29. Nf3 Nc2 30. Nxd2 Rxd2 0-1

[Event "London Classic - FIDE Open"]
[Site "Olympia"]
[Date "2009.12.12"]
[Round "6"]
[White "Warman, Simon M"]
[Black "Vachtfeidl, Petr"]
[Result "1-0"]
[WhiteElo "2153"]
[BlackElo "2019"]
[PlyCount "117"]
[EventDate "2009.??.??"]

1. e4 c5 2. f4 d5 3. Bb5+ Bd7 4. Bxd7+ Qxd7 5. exd5 Qxd5 6. Qe2 Nf6 7. Nc3 Qd7
8. Nf3 Nc6 9. Ne5 Nxe5 10. fxe5 Nd5 11. O-O e6 12. Qf2 c4 13. Ne4 h6 14. a3 b6
15. d4 cxd3 16. cxd3 Rc8 17. b4 g5 18. Bb2 Rh7 19. Rae1 a5 20. bxa5 bxa5 21.
Rc1 Be7 22. Qd2 Qa7+ 23. Kh1 Rxc1 24. Rxc1 Qa6 25. Qc2 a4 26. Nf6+ Bxf6 27.
exf6 Kd7 28. Qc4 Qxc4 29. Rxc4 Rh8 30. h3 Ra8 31. Be5 Ra7 32. Kh2 h5 33. Rc5
Ra6 34. Rb5 Rb6 35. Ra5 Rb3 36. Rxa4 Rxd3 37. Ra7+ Ke8 38. Ra8+ Kd7 39. Rf8
Rxa3 40. Rxf7+ Ke8 41. Rh7 Re3 42. f7+ Kf8 43. Bd6+ Ne7 44. Rh8+ Kxf7 45. Rh7+
Kg6 46. Rxe7 Kf5 47. Rh7 Kg6 48. Rh8 e5 49. Bc7 e4 50. Rg8+ Kf5 51. Bd8 g4 52.
h4 Rc3 53. Rg5+ Kf4 54. Rxh5 g3+ 55. Kh3 e3 56. Bg5+ Ke4 57. Kxg3 e2+ 58. Kf2
Rg3 59. Bd2 1-0

[Event "London Classic - FIDE Open"]
[Site "Olympia"]
[Date "2009.12.12"]
[Round "6"]
[White "Barton, R Alan"]
[Black "Shaw, Robin A"]
[Result "1/2-1/2"]
[WhiteElo "2119"]
[BlackElo "1822"]
[PlyCount "98"]
[EventDate "2009.??.??"]

1. d4 f5 2. Qd3 e6 3. e4 fxe4 4. Qxe4 Nf6 5. Qh4 Be7 6. Bg5 Nd5 7. Nf3 Bxg5 8.
Nxg5 Qf6 9. Nd2 Qf4 10. Qxf4 Nxf4 11. g3 Nd5 12. c3 b6 13. Bg2 Nc6 14. O-O-O
O-O 15. Nde4 Ba6 16. Rhe1 Rae8 17. f4 Nce7 18. Nf2 h6 19. Nf3 Nf5 20. Rd2 Nfe3
21. Nd1 Nxg2 22. Rxg2 Bb7 23. Rf2 Kh7 24. Ne3 Nxf4 25. gxf4 Rxf4 26. d5 exd5
27. Ng2 Rxe1+ 28. Ngxe1 d4 29. cxd4 g5 30. h3 Kg7 31. Kd2 h5 32. Ke3 Re4+ 33.
Kd3 Rf4 34. Ke3 Re4+ 35. Kd2 Rf4 36. Ke2 g4 37. hxg4 hxg4 38. Ne5 Re4+ 39. Kd2
Rxd4+ 40. Kc3 Re4 41. N1d3 d6 42. Nc4 g3 43. Rf1 g2 44. Rg1 Re2 45. Nd2 Kf6 46.
Nf4 Rf2 47. Nd3 Re2 48. Nf4 Rf2 49. Nd3 Re2 1/2-1/2

[Event "London Classic - FIDE Open"]
[Site "Olympia"]
[Date "2009.12.12"]
[Round "6"]
[White "Boger, Raymond"]
[Black "Phillips, Owen S"]
[Result "0-1"]
[WhiteElo "1959"]
[BlackElo "2003"]
[PlyCount "60"]
[EventDate "2009.??.??"]

1. c4 e6 2. g3 g6 3. Bg2 Bg7 4. Nc3 Ne7 5. e4 O-O 6. Nge2 d6 7. O-O e5 8. d3
Nbc6 9. Be3 Be6 10. Qd2 Qd7 11. f4 a6 12. Nd5 f6 13. Rae1 Rab8 14. d4 Nxd4 15.
Bxd4 exd4 16. Nxd4 Bxd5 17. exd5 f5 18. Ne6 Rf7 19. Re2 Bf6 20. Rfe1 h6 21. b4
c6 22. Rd1 cxd5 23. Bxd5 Nxd5 24. Qxd5 Rc8 25. c5 Qb5 26. Rc2 Qxb4 27. Qxd6 Qe4
28. Rd3 Re8 29. Ng5 hxg5 30. fxg5 Rd8 0-1

[Event "London Classic - FIDE Open"]
[Site "Olympia"]
[Date "2009.12.12"]
[Round "6"]
[White "Harari, Zaki"]
[Black "Odeh, Kenneth"]
[Result "1/2-1/2"]
[WhiteElo "2218"]
[BlackElo "2001"]
[PlyCount "67"]
[EventDate "2009.??.??"]

1. e4 c6 2. d4 d5 3. Nc3 dxe4 4. Nxe4 Bf5 5. Ng3 Bg6 6. h4 h6 7. Nf3 Nd7 8. h5
Bh7 9. Bd3 Bxd3 10. Qxd3 e6 11. Bd2 Ngf6 12. O-O-O Bd6 13. Kb1 Qc7 14. Ne4 Nxe4
15. Qxe4 Nf6 16. Qe2 O-O-O 17. c4 c5 18. Bc3 Rhe8 19. a3 Qb6 20. dxc5 Bxc5 21.
Ne5 Rxd1+ 22. Rxd1 Re7 23. Ka2 Bxf2 24. Nd3 Bd4 25. c5 Qb5 26. Bxd4 Qc4+ 27.
Ka1 Qxd4 28. Nb4 Qg4 29. Qc2 a5 30. c6 axb4 31. cxb7+ Kxb7 32. Rc1 Nd5 33. Qc6+
Kb8 34. Qb5+ 1/2-1/2

[Event "London Classic - FIDE Open"]
[Site "Olympia"]
[Date "2009.12.12"]
[Round "6"]
[White "Doran, Chris"]
[Black "Hodgson, John H"]
[Result "1/2-1/2"]
[WhiteElo "1963"]
[BlackElo "2189"]
[PlyCount "42"]
[EventDate "2009.??.??"]

1. e4 c5 2. Nf3 Nc6 3. d4 cxd4 4. Nxd4 Qb6 5. Nb3 Nf6 6. Bd3 d5 7. exd5 Nxd5 8.
O-O e6 9. c4 Nf6 10. Nc3 Be7 11. Re1 O-O 12. Bg5 Rd8 13. Qe2 Bd7 14. Rad1 Be8
15. Qf3 h6 16. Be3 Qb4 17. Bd2 Qb6 18. Bf4 Nb4 19. Bb1 Rxd1 20. Rxd1 Rd8 21.
Rxd8 Bxd8 1/2-1/2

[Event "London Classic - FIDE Open"]
[Site "Olympia"]
[Date "2009.12.12"]
[Round "6"]
[White "McKerracher, Douglas"]
[Black "Yeo, Michael J"]
[Result "0-1"]
[WhiteElo "1957"]
[BlackElo "2153"]
[PlyCount "84"]
[EventDate "2009.??.??"]

1. e4 e5 2. Nf3 Nc6 3. Bb5 a6 4. Bxc6 dxc6 5. O-O Bg4 6. h3 Bh5 7. g4 Bg6 8.
Nxe5 Qh4 9. Qf3 f6 10. Nxg6 hxg6 11. Kg2 Bd6 12. Rh1 O-O-O 13. d3 g5 14. Be3
Ne7 15. Nd2 Qh7 16. Nc4 Ng6 17. Nxd6+ cxd6 18. Qg3 Nh4+ 19. Kf1 g6 20. Ke2 Qe7
21. c4 Rdg8 22. Bd4 Rh7 23. Rab1 f5 24. f3 Rf7 25. Rbf1 Rgf8 26. gxf5 gxf5 27.
Rhg1 fxe4 28. fxe4 Nf3 29. Rxf3 Rxf3 30. Qg4+ Qd7 31. Qxd7+ Kxd7 32. Rxg5 Rxh3
33. Rg7+ Kc8 34. Rg6 Rh2+ 35. Ke1 c5 36. Bc3 Rff2 37. a3 Kd7 38. Rg7+ Kc6 39.
Rg8 Rf3 40. d4 Re3+ 41. Kd1 cxd4 42. Bxd4 Rd3+ 0-1

[Event "London Classic - FIDE Open"]
[Site "Olympia"]
[Date "2009.12.12"]
[Round "6"]
[White "Casiot, David J"]
[Black "Millward, Kevin P"]
[Result "0-1"]
[WhiteElo "2143"]
[BlackElo "1942"]
[PlyCount "160"]
[EventDate "2009.??.??"]

1. e4 e6 2. d4 d5 3. Nc3 dxe4 4. Nxe4 Bd7 5. Nf3 Bc6 6. Bd3 Nd7 7. O-O Ngf6 8.
Qe2 Bxe4 9. Bxe4 Nxe4 10. Qxe4 c6 11. Re1 Be7 12. c3 Nf6 13. Qc2 Qd5 14. Re5
Qd7 15. Rg5 g6 16. Re5 Bd6 17. Re2 O-O-O 18. Bg5 Be7 19. Ne5 Qe8 20. Qa4 Kb8
21. Nc4 b5 22. Qb3 Nd5 23. Bd2 Ka8 24. Ne5 Nb6 25. c4 Rxd4 26. cxb5 cxb5 27.
Qf3+ Rd5 28. Rc1 Bd6 29. Nc6 Nc4 30. Nxa7 Kxa7 31. Bc3 Rg8 32. b3 Nb6 33. Ba5
Qd7 34. Rec2 Rd8 35. Qe3 Qb7 36. g3 Be5 37. Qe2 Ka6 38. Bb4 Bd6 39. Bxd6 R8xd6
40. a4 Qd7 41. axb5+ Qxb5 42. Ra1+ Kb7 43. Qf3 Qd3 44. Rc3 Qxf3 45. Rxf3 Rd1+
46. Rxd1 Rxd1+ 47. Kg2 f5 48. Re3 Rd6 49. f4 Kc6 50. Kf3 Nd5 51. Re1 Nf6 52.
Rc1+ Kd7 53. Rc2 Ne4 54. Ra2 Ke7 55. Ra8 Rd8 56. Ra7+ Rd7 57. Ra8 Kf6 58. b4
Rb7 59. b5 Nd6 60. b6 Nc4 61. g4 fxg4+ 62. Kxg4 Nxb6 63. Rf8+ Rf7 64. Rb8 Nd5
65. Rb2 Kg7 66. Rf2 Rxf4+ 67. Rxf4 Nxf4 68. Kxf4 Kf6 69. Kf3 Kf5 70. h3 g5 71.
Ke3 h5 72. Kf3 g4+ 73. hxg4+ hxg4+ 74. Kg3 e5 75. Kf2 Kf4 76. Kf1 Kf3 77. Kg1
e4 78. Kf1 e3 79. Ke1 e2 80. Kd2 Kf2 0-1

[Event "London Classic - FIDE Open"]
[Site "Olympia"]
[Date "2009.12.12"]
[Round "6"]
[White "Gregory, Philip J"]
[Black "Reutimann, Hans Peter"]
[Result "1-0"]
[WhiteElo "2110"]
[BlackElo "1853"]
[PlyCount "63"]
[EventDate "2009.??.??"]

1. e4 e6 2. d4 d5 3. Nc3 Nf6 4. Bg5 Be7 5. e5 Ng8 6. Bxe7 Nxe7 7. f4 Nd7 8. Nf3
a6 9. Qd2 c5 10. O-O-O c4 11. g4 b5 12. Bh3 b4 13. Ne2 Nb6 14. c3 a5 15. Kb1
Bd7 16. Ka1 a4 17. cxb4 a3 18. b3 cxb3 19. axb3 Nc6 20. Nc1 a2 21. Nxa2 Qe7 22.
Kb2 O-O 23. Ra1 Rab8 24. Rhc1 Ra8 25. Bf1 Rfb8 26. Rc5 Rxa2+ 27. Rxa2 Nxb4 28.
Raa5 Ba4 29. Kc1 Nc6 30. Rxa4 Nxa4 31. bxa4 Nb4 32. Bb5 1-0

[Event "London Classic - FIDE Open"]
[Site "Olympia"]
[Date "2009.12.12"]
[Round "6"]
[White "Pupier, Terry"]
[Black "Fegan, Chris"]
[Result "0-1"]
[WhiteElo "1940"]
[BlackElo "2078"]
[PlyCount "60"]
[EventDate "2009.??.??"]

1. e4 g6 2. d4 Bg7 3. g3 d6 4. Bg2 Nc6 5. Be3 e5 6. d5 Nce7 7. Qd2 f5 8. f3 Nf6
9. Bh6 O-O 10. Bxg7 Kxg7 11. Nc3 c6 12. O-O-O cxd5 13. Nxd5 Nexd5 14. exd5 b5
15. f4 e4 16. Qd4 Qb6 17. Ne2 b4 18. Kb1 Rb8 19. h3 Re8 20. c4 bxc3 21. Qxb6
Rxb6 22. Nxc3 Nh5 23. Ne2 Ba6 24. Nd4 Nxg3 25. Rhe1 Kf6 26. Rc1 Re7 27. Rc3 Nh5
28. Nc6 Reb7 29. b4 Nxf4 30. Bxe4 fxe4 0-1

[Event "London Classic - FIDE Open"]
[Site "Olympia"]
[Date "2009.12.12"]
[Round "6"]
[White "Bass, John W"]
[Black "Green, Conrad Eliot"]
[Result "1/2-1/2"]
[WhiteElo "2068"]
[BlackElo "1650"]
[PlyCount "54"]
[EventDate "2009.??.??"]

1. d4 d5 2. c4 e6 3. Nc3 Nf6 4. Nf3 Nc6 5. Bg5 Be7 6. e3 O-O 7. Rc1 b6 8. Qa4
Bb7 9. Bxf6 Bxf6 10. cxd5 exd5 11. Bb5 Ne7 12. O-O c6 13. Bd3 Qd6 14. Rfd1 Rfc8
15. b4 c5 16. bxc5 bxc5 17. Qa3 Qb6 18. Rb1 Qc6 19. Rdc1 c4 20. Bc2 Qd7 21. e4
dxe4 22. Nxe4 Nd5 23. Nc5 Be7 24. Ne5 Bxc5 25. dxc5 Qc7 26. Nxc4 Nf4 27. Nd6
Rcb8 1/2-1/2

[Event "London Classic - FIDE Open"]
[Site "Olympia"]
[Date "2009.12.12"]
[Round "6"]
[White "Lie, Terje"]
[Black "Bennion, David"]
[Result "0-1"]
[WhiteElo "1666"]
[BlackElo "2025"]
[PlyCount "90"]
[EventDate "2009.??.??"]

1. d4 d5 2. c4 e6 3. Nf3 Nf6 4. Nc3 Be7 5. e3 O-O 6. Qc2 c5 7. Bd3 Nc6 8. Be2
dxc4 9. Bxc4 cxd4 10. exd4 Nxd4 11. Nxd4 Qxd4 12. Be2 Bd7 13. Be3 Qe5 14. O-O
Bd6 15. g3 g5 16. Bf3 Nd5 17. Nxd5 exd5 18. Qd2 Bc6 19. Bxg5 Qf5 20. Bg2 a5 21.
a3 Be5 22. Bf4 Bxf4 23. Qxf4 Qxf4 24. gxf4 d4 25. Rad1 Rfd8 26. Rd2 Rd6 27.
Bxc6 bxc6 28. Re1 c5 29. Re5 Rc8 30. Kf1 d3 31. a4 f6 32. Re7 c4 33. f3 Kh8 34.
Kf2 Rb8 35. Ra7 Rdb6 36. b3 Rxb3 37. Ke3 Rb2 38. Rd1 d2 39. Kd4 Rc2 40. Rxa5
Rd8+ 41. Ke3 c3 42. Rb5 Rc1 43. Rb1 Rxb1 44. Rxb1 c2 45. Rb8 d1=Q 0-1

[Event "London Classic - FIDE Open"]
[Site "Olympia"]
[Date "2009.12.12"]
[Round "6"]
[White "Regan, Natasha K"]
[Black "Gandolfi, Gianfranco"]
[Result "1/2-1/2"]
[WhiteElo "2170"]
[BlackElo "1830"]
[PlyCount "54"]
[EventDate "2009.??.??"]

1. e4 e5 2. f4 d5 3. exd5 exf4 4. Nf3 Nf6 5. c4 c6 6. dxc6 Nxc6 7. d4 Bd6 8.
Be2 O-O 9. Nc3 a6 10. O-O Bg4 11. Kh1 Rc8 12. c5 Bb8 13. d5 Nb4 14. d6 Rxc5 15.
Qd4 Qa5 16. Qxf4 Nbd5 17. Qg3 Nxc3 18. bxc3 Bh5 19. Be3 Rd5 20. Bd4 Rxd6 21.
Qh4 Rc6 22. Bd3 Bg6 23. Bxg6 fxg6 24. Rae1 Qh5 25. Qxh5 Nxh5 26. Re7 Rc7 27.
Rfe1 Rxe7 1/2-1/2

[Event "London Classic - FIDE Open"]
[Site "Olympia"]
[Date "2009.12.12"]
[Round "6"]
[White "Hayward, Alan"]
[Black "Andrews, J Garth"]
[Result "1-0"]
[WhiteElo "1986"]
[BlackElo "1650"]
[PlyCount "41"]
[EventDate "2009.??.??"]

1. f4 d5 2. Nf3 Nf6 3. e3 Bg4 4. h3 Bxf3 5. Qxf3 e6 6. Nc3 c6 7. g4 Be7 8. b3
Nbd7 9. g5 Ng8 10. Bb2 Qa5 11. Nb5 f6 12. Nd4 Nf8 13. h4 O-O-O 14. Bh3 Rd6 15.
a4 h5 16. Bc3 Qc7 17. a5 f5 18. Nxf5 exf5 19. Bxf5+ Kb8 20. Bxg7 Ng6 21. Bxg6
1-0

[Event "London Classic - FIDE Open"]
[Site "Olympia"]
[Date "2009.12.12"]
[Round "6"]
[White "Bishop, Geoffrey L"]
[Black "Cork, David J"]
[Result "1-0"]
[WhiteElo "1839"]
[BlackElo "1882"]
[PlyCount "51"]
[EventDate "2009.??.??"]

1. e4 c5 2. Nf3 d6 3. d4 cxd4 4. Nxd4 Nf6 5. Nc3 g6 6. Be3 Bg7 7. f3 O-O 8. Qd2
Nc6 9. Bc4 Qa5 10. O-O-O Bd7 11. h4 Ne5 12. Bb3 Rfc8 13. h5 b5 14. hxg6 hxg6
15. Bh6 Bh8 16. Nf5 Bxf5 17. exf5 Nc4 18. fxg6 Rc5 19. gxf7+ Kxf7 20. Qf4 Ke8
21. Bf8 Nh5 22. Qe4 Kxf8 23. Qxa8+ Kg7 24. Rd5 Nb6 25. Qd8 Rxd5 26. Nxd5 1-0

[Event "London Classic - FIDE Open"]
[Site "Olympia"]
[Date "2009.12.12"]
[Round "6"]
[White "Chidi, Lovina Sylvia"]
[Black "Tenioso, Jaydee"]
[Result "1-0"]
[WhiteElo "1819"]
[BlackElo "1861"]
[PlyCount "37"]
[EventDate "2009.??.??"]

1. e4 d5 2. exd5 Nf6 3. Nf3 Nxd5 4. d4 Bg4 5. Be2 e6 6. O-O Bd6 7. Ne5 Bxe2 8.
Qxe2 c6 9. c4 Nf6 10. Nc3 Nbd7 11. Nxd7 Qxd7 12. d5 cxd5 13. cxd5 Nxd5 14. Nxd5
Bxh2+ 15. Kxh2 Qxd5 16. Rd1 Qf5 17. Qf3 Qb5 18. a4 Qb4 19. Bd2 1-0

[Event "London Classic - FIDE Open"]
[Site "Olympia"]
[Date "2009.12.12"]
[Round "6"]
[White "De Lagontrie, Jean"]
[Black "Hamzah Mohd Zuhri, Amier"]
[Result "1-0"]
[WhiteElo "1855"]
[BlackElo "1730"]
[PlyCount "63"]
[EventDate "2009.??.??"]

1. d4 d5 2. c4 e6 3. Nc3 c6 4. Nf3 Nf6 5. cxd5 exd5 6. Bg5 Be7 7. Qc2 Be6 8. e3
O-O 9. Bd3 Nbd7 10. O-O h6 11. Bf4 Nh5 12. Ne2 Bg4 13. Ne5 Bxe2 14. Qxe2 Ndf6
15. g4 Nxf4 16. exf4 Bd6 17. Kh1 Re8 18. Qf3 Qb6 19. Rad1 Qxb2 20. g5 hxg5 21.
Rg1 gxf4 22. Qg2 Bf8 23. Nxf7 Kxf7 24. Qg6+ Ke7 25. Bc2 Qb6 26. Qf5 Kd8 27.
Qxf4 Qc7 28. Qh4 Bd6 29. Rg2 {? both scoresheets record 29. Rg1} Bf4 30. Bf5
Bh6 31. Rg6 Rh8 32. Rxf6 1-0

[Event "London Classic - FIDE Open"]
[Site "Olympia"]
[Date "2009.12.12"]
[Round "6"]
[White "Tarun, Malhotra"]
[Black "Quinn, Joseph R"]
[Result "1-0"]
[WhiteElo "1735"]
[BlackElo "1813"]
[PlyCount "47"]
[EventDate "2009.??.??"]

1. e4 e5 2. Nf3 Nc6 3. Bb5 a6 4. Ba4 Nf6 5. O-O Be7 6. Re1 b5 7. Bb3 O-O 8. h3
d6 9. c3 Bd7 10. d4 Qc8 11. Kh2 Qb8 12. Bg5 h6 13. Bh4 Qd8 14. Bg3 exd4 15.
cxd4 Nh5 16. Nc3 Nxg3 17. fxg3 Na5 18. Bc2 c5 19. e5 dxe5 20. Nxe5 cxd4 21.
Qxd4 Bc6 22. Nxc6 Nxc6 23. Qe4 g6 24. Qxc6 1-0

[Event "London Classic - FIDE Open"]
[Site "Olympia"]
[Date "2009.12.12"]
[Round "6"]
[White "Burnham, Frank"]
[Black "Posylek, Caesar Cezary"]
[Result "1-0"]
[WhiteElo "1812"]
[BlackElo "1708"]
[PlyCount "109"]
[EventDate "2009.??.??"]

1. e4 c5 2. b4 e6 3. Nf3 a6 4. b5 axb5 5. Bxb5 Qa5 6. Nc3 g6 7. O-O Bg7 8. e5
Nc6 9. Bxc6 dxc6 10. Ne4 Bf8 11. c3 c4 12. Nd4 Qxe5 13. d3 c5 14. f4 Qb8 15.
Nb5 Bd7 16. dxc4 Ra6 17. Be3 Rc6 18. Qd2 Be7 19. Rad1 Bc8 20. Nbd6+ Bxd6 21.
Nxd6+ Ke7 22. Nb5 Nf6 23. Qf2 b6 24. Qh4 Ba6 25. Rd2 Bxb5 26. cxb5 Rd6 27. Rfd1
Rhd8 28. f5 Rxd2 29. Rxd2 Rxd2 30. Bxd2 gxf5 31. Bg5 Qe5 32. Bd2 Qe2 33. Bg5
Qd1+ 34. Kf2 Qc2+ 35. Kf1 Qxc3 36. a4 Qd3+ 37. Kf2 Qc3 38. h3 c4 39. Qf4 Qc2+
40. Kg1 Qd1+ 41. Kh2 Qd6 42. Bxf6+ Kd7 43. Be5 Qc5 44. Qd2+ Kc8 45. Qc3 Kb7 46.
Qg3 Qd5 47. Qg7 Qd7 48. Qf8 Qc8 49. Qxf7+ Ka8 50. Qg7 h5 51. Qh8 Kb7 52. Qxc8+
Kxc8 53. Kg3 Kd7 54. Kf4 h4 55. Kg5 1-0